<?xml version="1.0" encoding="UTF-8"?>
<record
    xmlns:xsi="http://www.w3.org/2001/XMLSchema-instance"
    xsi:schemaLocation="http://www.loc.gov/MARC21/slim http://www.loc.gov/standards/marcxml/schema/MARC21slim.xsd"
    xmlns="http://www.loc.gov/MARC21/slim">

  <leader>00476nam a22001577a 4500</leader>
  <controlfield tag="003">OSt</controlfield>
  <controlfield tag="005">20240416123612.0</controlfield>
  <controlfield tag="008">240416b        |||||||| |||| 00| 0 eng d</controlfield>
  <datafield tag="040" ind1=" " ind2=" ">
    <subfield code="c">MRSPTU</subfield>
  </datafield>
  <datafield tag="100" ind1=" " ind2=" ">
    <subfield code="a">Bartred Rasel (&#xA2C;&#xA30;&#xA1F;&#xA30;&#xA48;&#xA02;&#xA21; &#xA30;&#xA38;&#xA32;)</subfield>
  </datafield>
  <datafield tag="245" ind1=" " ind2=" ">
    <subfield code="a">Vigyan de Samaj Uper Parbhav (&#xA35;&#xA3F;&#xA17;&#xA3F;&#xA06;&#xA28; &#xA26;&#xA47; &#xA38;&#xA2E;&#xA3E;&#xA1C; &#xA09;&#xA71;&#xA2A;&#xA30; &#xA2A;&#xA4D;&#xA30;&#xA2D;&#xA3E;&#xA35;)</subfield>
  </datafield>
  <datafield tag="250" ind1=" " ind2=" ">
    <subfield code="a">1st</subfield>
  </datafield>
  <datafield tag="260" ind1=" " ind2=" ">
    <subfield code="a">Punjab</subfield>
    <subfield code="b">Tarkbharti Parkashan</subfield>
    <subfield code="c">2007</subfield>
  </datafield>
  <datafield tag="300" ind1=" " ind2=" ">
    <subfield code="a">128</subfield>
  </datafield>
  <datafield tag="942" ind1=" " ind2=" ">
    <subfield code="2">ddc</subfield>
    <subfield code="c">BK</subfield>
    <subfield code="n">0</subfield>
  </datafield>
  <datafield tag="952" ind1=" " ind2=" ">
    <subfield code="0">0</subfield>
    <subfield code="1">0</subfield>
    <subfield code="2">ddc</subfield>
    <subfield code="4">0</subfield>
    <subfield code="7">0</subfield>
    <subfield code="8">BK</subfield>
    <subfield code="a">MCL</subfield>
    <subfield code="b">MCL</subfield>
    <subfield code="d">2024-04-16</subfield>
    <subfield code="l">1</subfield>
    <subfield code="p">G-221</subfield>
    <subfield code="r">2025-11-06 14:26:35</subfield>
    <subfield code="s">2025-10-10</subfield>
    <subfield code="w">2024-04-16</subfield>
    <subfield code="y">BK</subfield>
  </datafield>
  <datafield tag="999" ind1=" " ind2=" ">
    <subfield code="c">10055</subfield>
    <subfield code="d">10055</subfield>
  </datafield>
</record>
